000 00495cam a2200205ua 4500
001 7962
008 150102n ii |||gr||||Z||||||hin
020 _a8178061198
040 _cMAIN
041 _ahin
082 _a891.433
100 _aPrashun, E.,
_eAuthor.
245 1 _aEshap ki kathai
_cBy Srikanta Prashun
250 _a1st.
260 _aNew Delhi:
_bUnicorn,
_c2006.
300 _a94p.
653 _aEast Indo-European & Celtic literatures
653 _aHindi stories
942 _cBK
999 _c7081
_d7081